| 000 | 00444nam a2200169Ia 4500 | ||
|---|---|---|---|
| 005 | 20250409111341.0 | ||
| 008 | 231217s9999 xx 000 0 und d | ||
| 020 | _a9788176255004 | ||
| 082 | _a672.89103 REM;1 R | ||
| 100 | _aRemcay, G. | ||
| 245 | 0 | _aEncyclopaedia of geography V.1 (A-1) | |
| 250 | _a1st ed. | ||
| 260 |
_c2004 _bSarup & Sons _aNew Delhi |
||
| 300 | _a236 | ||
| 650 | _aEncyclopaedia,geography,V.1,(A-1) | ||
| 942 | _cAA | ||
| 999 |
_c195027 _d195027 |
||